000 00299nam a22001217a 4500
008 250307b |||||||| |||| 00| 0 eng d
050 _aHD171
_b.H53
100 _aHICKS, John
245 _aCapital and Growth
260 _aNew York
_bOxford University Press
_c1965
300 _avii, 334p.
942 _cBK
999 _c2163
_d2163